[Event "Kuala Lumpur op 7th"]
[Site "Kuala Lumpur"]
[Date "2010.09.05"]
[Round "7"]
[White "Low, Jun Jian"]
[Black "Tan, Khai Boon"]
[Result "0-1"]
[WhiteElo "1914"]
[BlackElo "2160"]
[PlyCount "77"]
[EventDate "2010.09.01"]
[EventType "swiss"]
[EventRounds "9"]
[EventCountry "MAS"]
[SourceTitle "CBM 138 Extra"]
[Source "ChessBase"]
[SourceDate "2010.10.29"]
[SourceVersion "1"]
[SourceVersionDate "2010.10.29"]
[SourceQuality "1"]

1. e4 e5 2. Nf3 d6 3. d4 exd4 4. Nxd4 Nf6 5. Bd3 g6 6. c4 Bg7 7. Nc3 0-0 8. 0-0 Re8 9. f3 c6 10. Nc2 Nbd7 11. Be2 Nb6 12. Ne3 h5 13. Qd3 Be6 14. Rd1 Bf8 15. f4 Nfd7 16. b3 Qh4 17. Bf3 Rad8 18. g3 Qe7 19. Ba3 Nc5 20. Qc2 Bh3 21. Re1 Bg7 22. Bb2 Ne6 23. Ne2 Bxb2 24. Qxb2 Nc5 25. Qc2 Nxe4 26. f5 Ng5 27. Nd4 Qf6 28. Rad1 c5 29. fxg6 cxd4 30. gxf7+ Qxf7 31. Bg2 Bxg2 32. Nf5 Rxe1+ 33. Kxg2 Re6 34. Rf1 Qh7 35. Qd2 Nf7 36. Qxd4 Rde8 37. Kh3 Re5 38. Nh4 Re2 39. Rf6 0-1

[Event "Kuala Lumpur op 4th"]
[Site "Kuala Lumpur"]
[Date "2007.08.24"]
[Round "8"]
[White "Nanjo, Ryosuke"]
[Black "Low, Jun Jian"]
[Result "1-0"]
[WhiteElo "2165"]
[BlackElo "2057"]
[PlyCount "55"]
[EventDate "2007.08.20"]
[EventType "swiss"]
[EventRounds "11"]
[EventCountry "MAS"]
[SourceTitle "CBM 120 Extra"]
[Source "ChessBase"]
[SourceDate "2007.11.01"]
[SourceVersion "1"]
[SourceVersionDate "2007.11.01"]
[SourceQuality "1"]

1. d4 d5 2. c4 c6 3. Nf3 Nf6 4. e3 a6 5. Nc3 b5 6. b3 Bg4 7. Be2 e6 8. 0-0 bxc4 9. bxc4 c5 10. h3 cxd4 11. exd4 Bh5 12. cxd5 Nxd5 13. Qa4+ Nd7 14. Nxd5 exd5 15. Re1 Be7 16. Ne5 Bxe2 17. Rxe2 Qc7 18. Ba3 0-0 19. Bxe7 Qc3 20. Qd1 Nxe5 21. Bxf8 Nf3+ 22. gxf3 Rxf8 23. Re3 Qc6 24. f4 f5 25. Rc1 Qh6 26. Qf3 Kh8 27. Rce1 g5 28. Re8 1-0

[Event "Kuala Lumpur op 4th"]
[Site "Kuala Lumpur"]
[Date "2007.08.21"]
[Round "3"]
[White "Low, Jun Jian"]
[Black "Wallis, Christopher"]
[Result "0-1"]
[WhiteElo "2057"]
[BlackElo "2238"]
[PlyCount "101"]
[EventDate "2007.08.20"]
[EventType "swiss"]
[EventRounds "11"]
[EventCountry "MAS"]
[SourceTitle "CBM 120 Extra"]
[Source "ChessBase"]
[SourceDate "2007.11.01"]
[SourceVersion "1"]
[SourceVersionDate "2007.11.01"]
[SourceQuality "1"]

1. e4 e6 2. d4 d5 3. Nd2 c5 4. exd5 Qxd5 5. Ndf3 Nc6 6. Bb5 cxd4 7. Bxc6+ bxc6 8. Qxd4 Ba6 9. Be3 Nf6 10. b3 Rd8 11. Qxd5 cxd5 12. Bxa7 Bb4+ 13. Kd1 Bc3 14. Rc1 Ne4 15. Ne2 Ra8 16. Bd4 Bxd4 17. Nexd4 Nxf2+ 18. Kd2 Nxh1 19. Rxh1 0-0 20. a4 Rfe8 21. Re1 Bc8 22. Nb5 Re7 23. Nfd4 Ra6 24. Nc3 f6 25. b4 e5 26. b5 Ra8 27. a5 Rd7 28. Nb3 Rb8 29. Nc5 Rc7 30. Nb3 d4 31. Nd5 Rc4 32. b6 Bb7 33. Nc7 Rxc7 34. bxc7 Rc8 35. g3 Rxc7 36. Ra1 Ba6 37. Ra4 Kf7 38. Rb4 Rb7 39. Rb6 Ra7 40. Nc5 Bc8 41. a6 Ke8 42. Rb7 Rxa6 43. Rxg7 Rc6 44. Nd3 Bf5 45. h3 e4 46. Nb4 Rc5 47. g4 e3+ 48. Kd1 Be4 49. Nd3 e2+ 50. Kd2 Rxc2+ 51. Kxc2 0-1